Ortografía de la lengua española
Na minha lista:
| Autor Corporativo: | |
|---|---|
| Formato: | Livro |
| Idioma: | espanhol |
| Publicado em: |
Madrid
Espasa Calpe
1999
|
| Assuntos: | |
| Tags: |
Adicionar Tag
Sem tags, seja o primeiro a adicionar uma tag!
|
MARC
| LEADER | 00000nam a2200000 a 4500 | ||
|---|---|---|---|
| 001 | UCP5851 | ||
| 003 | CL-VaPUC | ||
| 008 | 991001e19990000SP |||||||||||||||||spa|d | ||
| 020 | |a 8423992500 | ||
| 082 | 0 | 4 | |a 461 |b REA |2 21 |
| 110 | 2 | |a Real Academia Española |e author |9 434452 | |
| 245 | 1 | 0 | |a Ortografía de la lengua española |
| 300 | |a 162 p | ||
| 942 | |c BK | ||
| 945 | |d 19991001 00:00:00 |a rbrito | ||
| 260 | |a Madrid |b Espasa Calpe |c 1999 | ||
| 650 | 0 | |a Español |9 255372 | |
| 650 | 0 | |a Ortografía |9 309144 | |
| 650 | 7 | |a ENSEÑANZA DE LA LENGUA |2 CL-VaPUC |9 390747 | |
| 583 | |a last modification |c 19991001 00:00:00 |k Rodrigo Vera | ||
| 999 | |c 283497 |d 283495 | ||
| 952 | |0 0 |1 0 |4 0 |6 461_000000000000000_REA_1999 |7 0 |8 A |9 326709 |a BIBEDU |b BIBEDU |d 2019-11-20 |i 3565084 |o 461 REA 1999 |p 3565084 |r 2019-11-20 |w 2019-11-20 |y BK |k LIT | ||
| 952 | |0 0 |1 0 |4 0 |6 461_000000000000000_REA_1999 |7 0 |8 A |9 326710 |a BIBEDU |b BIBEDU |d 2019-11-20 |i 3565092 |o 461 REA 1999 |p 3565092 |r 2019-11-20 |w 2019-11-20 |y BK |k LIT | ||
| 952 | |0 0 |1 0 |4 0 |6 461_000000000000000_REA_1999 |7 0 |8 A |9 326712 |a BIBEDU |b BIBEDU |d 2019-11-20 |i 3598217 |o 461 REA 1999 |p 3598217 |r 2019-11-20 |w 2019-11-20 |y BK |k BME | ||
| 952 | |0 0 |1 0 |4 0 |6 461_000000000000000_REA_1999 |7 0 |8 A |9 326713 |a BIBCUR |b BIBCUR |d 2019-11-20 |i 3603091 |o 461 REA 1999 |p 3603091 |r 2025-04-22 |w 2019-11-20 |y BK |k PER | ||
| 952 | |0 0 |1 0 |4 0 |6 461_000000000000000_REA_1999 |7 0 |8 A |9 326714 |a FDOPOS |b FDOPOS |d 2019-11-20 |i 3681963 |o 461 REA 1999 |p 3681963 |r 2025-01-22 |w 2019-11-20 |y BK |k MLA | ||
| 952 | |0 0 |1 0 |4 0 |6 461_000000000000000_REA_1999 |7 0 |8 A |9 326715 |a BIBEDU |b BIBEDU |d 2019-11-20 |i 3701816 |o 461 REA 1999 |p 3701816 |r 2019-11-20 |w 2019-11-20 |y BK |k CIT | ||
| 952 | |0 0 |1 0 |4 0 |6 461_000000000000000_REA_1999 |7 0 |8 A |9 326716 |a BIBEDU |b BIBEDU |d 2019-11-20 |i 3701808 |o 461 REA 1999 |p 3701808 |r 2019-11-20 |w 2019-11-20 |y BK |k CIT | ||
| 952 | |0 0 |1 0 |4 0 |6 461_000000000000000_REA_1999 |7 0 |8 A |9 326717 |a FDOPOS |b FDOPOS |d 2019-11-20 |i 3859576 |o 461 REA 1999 |p 3859576 |r 2025-01-22 |w 2019-11-20 |y BK |k MLA | ||
| 952 | |0 0 |1 0 |4 0 |6 461_000000000000000_REA_1999 |7 0 |8 A |9 326718 |a BIBCUR |b BIBCUR |d 2019-11-20 |i 4079205 |o 461 REA 1999 |p 4079205 |r 2025-04-22 |w 2019-11-20 |y BK |k PER | ||
| 952 | |0 0 |1 0 |2 ddc |4 0 |6 461_000000000000000_REA_1999 |7 0 |8 A |9 326719 |a BIBCUR |b BIBCUR |c GEN |d 2019-11-20 |i 4079213 |o 461 REA 1999 |p 4079213 |r 2025-04-22 |w 2019-11-20 |y BK |k PER | ||
| 952 | |0 0 |1 0 |2 ddc |4 0 |6 461_000000000000000_REA_1999 |7 0 |8 A |9 326720 |a BIBCUR |b BIBCUR |c GEN |d 2019-11-20 |i 4079221 |o 461 REA 1999 |p 4079221 |r 2025-04-22 |w 2019-11-20 |y BK |k PER | ||
| 952 | |0 0 |1 0 |4 0 |6 461_000000000000000_REA_1999 |7 0 |8 A |9 326721 |a BIBCUR |b BIBCUR |d 2019-11-20 |i 407923K |o 461 REA 1999 |p 407923K |r 2025-04-22 |w 2019-11-20 |y BK |k PER | ||
| 952 | |0 0 |1 0 |2 ddc |4 0 |6 461_000000000000000_REA_1999 |7 0 |8 A |9 326722 |a BIBCUR |b BIBCUR |c GEN |d 2019-11-20 |i 4079248 |o 461 REA 1999 |p 4079248 |r 2025-04-22 |w 2019-11-20 |y BK |k PER | ||